00903 2200205 4500001002100000005001500021035002000036245006600056100001800122250001700140300002800157700001900185260003500204082000800239084001400247020002200261650002100283520038000304500001300684INLIS00000000000081720241113084329 a0010-11240000401 aEnsiklopedia IPA SD :bJamur /cDiah Rahmatia, Pipit Pitriana0 aDiah Rahmatia aCetakan Ke-1 a29 hlm :bIlus ;c32 cm0 aPipit Pitriana aJakarta :bGaneca Exact,c2006 a503 a503 DIA e a978-979-744-685-9 4aEnsiklopedia IPA aBuku ini mengajak para siswa SD mengamati jamur. Jamur tumbuh di sekitar kita. Jamur ada yang bisa dimakan. Jamur ada yang indah bentuknya. Jamur bermacam-macam jenisnya. Selain itu, jamur ada yang beracun dan membahayakan tubuh jika dimakan. Jamur ada yang merupakan hama perusak. Setelah membaca buku ini, para siswa diharapkan mampu memahami manfaat dan juga bahaya jamur. aSeri IPA